Statistics for Formula One Teams 2000-2009

Click here to take the quiz!

General Stats

  • This quiz has been taken 59 times
  • The average score is 16 of 22

Answer Stats

HintAnswer% Correct
2000-2009Ferrari
96%
2000-2009McLaren
96%
2005-2009Red Bull
96%
2000-2009Williams
94%
2009Brawn GP
88%
2002-2009Renault
88%
2006-2009Toro Rosso
86%
2000-2005, 2009Sauber
78%
2000-2005Minardi
76%
2008-2009Force India
75%
2006-2008Honda
75%
2006-2008BMW
71%
2002-2009Toyota
69%
2000-2001Benetton
67%
2000-2005Jordan
65%
2000-2004Jaguar
63%
2000-2005BAR
61%
2006-2008Super Aguri
57%
2000Prost
55%
2007Spyker
55%
2000-2002Arrows
41%
2006Midland
35%

Score Distribution

Percentile by Number Answered

Percent of People with Each Score

Your Score History

You have not taken this quiz